000 00767nam a2200241 i 4500
001 C2-0300538
003 PPAK
005 20180728082040.0
008 091108s2008 my a|||| ||||| | may d
020 _a9789833586769
040 _aPPAK
_beng
_cPPAK
_erda
082 0 4 _a371.5109595
_223
090 0 0 _a371.5109595
_bMOH
_dG
100 0 _aMohd Ismail Othman,
_eauthor
245 1 0 _aUndang-undang untuk pengetua & guru besar
264 1 _aKuala Lumpur :
_bPTS Professional Publishing ,
_c2008
300 _axxiii, 249 pages :
_billustrations ;
_c22 cm
336 _2rdacontent
_atext
337 _2rdamedia
_aunmediated
338 _2rdacarrier
_avolume
650 1 0 _aEducational law and legislation - Malaysia. ; School discipline - Malaysia.
942 _ddc
_cB
999 _c104421
_d104421